Cấu trúc dữ liệu

Sách giới thiệu các cấu trúc dữ liệu (từ cơ bản đến phức tạp) các các giải thuật trên các cấu trúc này. Nội dung sách được chia thành 7 chương gồm các cấu trúc dữ liệu thường dùng như chuỗi, danh sách, cây và các giải thuật trên cấ...

Deskribapen osoa

Gorde:
Xehetasun bibliografikoak
Egile nagusia: Nguyễn, Trung Trực
Formatua: Liburua
Hizkuntza:Undetermined
Argitaratua: Thành phố Hồ Chí Minh Trường Đại học Bách khoa Thành phố Hồ Chí Minh 1997
Gaiak:
Etiketak: Etiketa erantsi
Etiketarik gabe, Izan zaitez lehena erregistro honi etiketa jartzen!
Thư viện lưu trữ: Trung tâm Học liệu Trường Đại học Cần Thơ
LEADER 01413nam a2200205Ia 4500
001 CTU_47215
008 210402s9999 xx 000 0 und d
020 |c 23000 
082 |a 005.73 
082 |b Tr552 
100 |a Nguyễn, Trung Trực 
245 0 |a Cấu trúc dữ liệu 
245 0 |c Nguyễn Trung Trực 
260 |a Thành phố Hồ Chí Minh 
260 |b Trường Đại học Bách khoa Thành phố Hồ Chí Minh 
260 |c 1997 
520 |a Sách giới thiệu các cấu trúc dữ liệu (từ cơ bản đến phức tạp) các các giải thuật trên các cấu trúc này. Nội dung sách được chia thành 7 chương gồm các cấu trúc dữ liệu thường dùng như chuỗi, danh sách, cây và các giải thuật trên cấu trúc; các phương pháp sắp thứ tự nội (dãy)và thứ tự ngoại (tập tin); các phương pháp tìm kiếm trên danh sách và trên cây; các phép biến đổi khóa; và một số ứng dụng của các cấu trúc dữ liệu giải các bài toán trên đồ thị 
650 |a Data structures (Computer science),Information storage and retrieval systems 
904 |i Huỳnh Mai, Năm 
980 |a Trung tâm Học liệu Trường Đại học Cần Thơ